Rezervný fond

Zmeny v právnej úprave rezervného fondu spoločnosti s ručením obmedzeným. Spôsob tvorby rezervného fondu. Účelové použitie prostriedkov rezervného fondu. Rozhodovanie o použití rezervného fondu. Rezervný fond a daň z príjmov.

Salvato in:
Dettagli Bibliografici
Autore principale: Fekete, Imrich
Natura: Capitolo di libro
Lingua:slovacco
Soggetti:
Tags: Aggiungi Tag
Nessun Tag, puoi essere il primo ad aggiungerne!!

MARC

LEADER 00000naa a2200000 4500
001 r033746
005 20230926073046.5
041 0 |a slo 
044 |a SK 
245 1 0 |a Rezervný fond  |c Imrich Fekete 
520 |a Zmeny v právnej úprave rezervného fondu spoločnosti s ručením obmedzeným. Spôsob tvorby rezervného fondu. Účelové použitie prostriedkov rezervného fondu. Rozhodovanie o použití rezervného fondu. Rezervný fond a daň z príjmov. 
610 2 0 |a fond rezervný 
610 2 0 |a spoločnosti s r.o. 
610 2 0 |a úpravy právne 
610 2 0 |a zákonník obchodný 
610 2 0 |a dane z príjmov 
610 2 0 |a spoločníci 
100 1 |a Fekete, Imrich